[Event "ROM-chT"]
[Site "Romania"]
[Date "1993.??.??"]
[Round "5"]
[White "Polihroniade, Elisabeta"]
[Black "Nutu Gajic, Dana"]
[Result "1/2-1/2"]
[WhiteElo "2215"]
[BlackElo "2355"]
[PlyCount "50"]
[EventDate "1993.??.??"]
[EventType "team"]
[EventRounds "9"]
[EventCountry "ROU"]
[SourceTitle "EXT 1998"]
[Source "ChessBase"]
[SourceDate "1997.11.17"]
[SourceVersion "1"]
[SourceVersionDate "1997.11.17"]
[SourceQuality "1"]

1. e4 c5 2. c3 d5 3. exd5 Qxd5 4. d4 Nf6 5. Nf3 Bg4 6. Be2 cxd4 7. cxd4 e6 8. Nc3 Qa5 9. 0-0 Nc6 10. Be3 Rd8 11. Qb3 Qb4 12. Qxb4 Bxb4 13. Rfd1 0-0 14. a3 Be7 15. Ne5 Bxe2 16. Nxe2 Nd5 17. Nxc6 bxc6 18. Rdc1 Rb8 19. b4 Rb6 20. Nc3 Nxe3 21. fxe3 a5 22. Na4 Rb5 23. Nc3 Rbb8 24. bxa5 Ra8 25. Ne4 Rxa5 1/2-1/2

[Event "Belgrade1"]
[Site "Belgrade"]
[Date "1992.??.??"]
[Round "?"]
[White "Alexandria, Nana"]
[Black "Polihroniade, Elisabeta"]
[Result "1-0"]
[WhiteElo "2310"]
[BlackElo "2175"]
[PlyCount "125"]
[EventDate "1992.??.??"]
[EventType "game"]
[EventRounds "1"]
[EventCountry "YUG"]
[SourceTitle "EXT 2010"]
[Source "ChessBase"]
[SourceDate "2010.11.25"]
[SourceVersion "1"]
[SourceVersionDate "2010.11.25"]
[SourceQuality "1"]

1. d4 d6 2. c4 e5 3. Nc3 exd4 4. Qxd4 Nc6 5. Qd2 Be6 6. e4 Nf6 7. b3 Be7 8. Bd3 0-0 9. Nge2 Nd7 10. Nd5 Nde5 11. Bc2 a5 12. 0-0 Bxd5 13. cxd5 Nb4 14. Bb2 Bf6 15. Bc3 Ng4 16. h3 Bxc3 17. Nxc3 Nf6 18. Bb1 Re8 19. a3 Na6 20. Bc2 Nc5 21. Rfe1 Qd7 22. Rab1 Re7 23. b4 axb4 24. axb4 Na6 25. Ba4 Qd8 26. Kh2 Nb8 27. Bc2 Nbd7 28. Qd4 Nb6 29. Ra1 Rxa1 30. Rxa1 Re8 31. Ra7 Qb8 32. Nb5 c5 33. Qa1 cxb4 34. Qd4 Nfd7 35. Qxb4 Nc8 36. Ra1 Nc5 37. g3 Nb6 38. Nc3 Nbd7 39. Rb1 Qd8 40. Ba4 Qe7 41. Bb5 Rc8 42. Ra1 Qf6 43. Ra2 Ne5 44. f4 Nf3+ 45. Kg2 Ne1+ 46. Kf1 Nf3 47. Kg2 Ne1+ 48. Kf1 Nf3 49. Be2 Ne5 50. Kg2 Ned3 51. Bxd3 Nxd3 52. Qc4 Nc5 53. e5 dxe5 54. Qxc5 Qf5 55. Qe3 exf4 56. gxf4 h5 57. Rd2 Qg6+ 58. Kh2 Qd6 59. Ne4 Qb4 60. d6 Rd8 61. d7 Qe7 62. Qd4 h4 63. Rg2 1-0

[Event "Kusadasi op"]
[Site "Kusadasi"]
[Date "1990.??.??"]
[Round "6"]
[White "Deev, Andrei"]
[Black "Polihroniade, Elisabeta"]
[Result "1-0"]
[WhiteElo "2390"]
[BlackElo "2190"]
[PlyCount "35"]
[EventDate "1990.04.??"]
[EventType "swiss"]
[EventRounds "9"]
[EventCountry "TUR"]
[SourceTitle "EXT 2000"]
[Source "ChessBase"]
[SourceDate "1999.11.16"]
[SourceVersion "1"]
[SourceVersionDate "1999.11.16"]
[SourceQuality "1"]

1. e4 e5 2. Nf3 Nc6 3. Bc4 g6 4. d4 exd4 5. Bg5 Be7 6. Bf4 d6 7. Nxd4 Nxd4 8. Qxd4 Bf6 9. e5 dxe5 10. Qxd8+ Kxd8 11. Bg3 Ke7 12. Nc3 c6 13. 0-0-0 Nh6 14. Rhe1 Be6 15. Bxe6 Kxe6 16. Ne4 Nf5 17. Nxf6 Nxg3 18. Nd7 1-0

[Event "GMA Baleares op"]
[Site "Palma de Mallorca"]
[Date "1989.??.??"]
[Round "5"]
[White "Azmaiparashvili, Zurab"]
[Black "Polihroniade, Elisabeta"]
[Result "1-0"]
[WhiteElo "2575"]
[BlackElo "2170"]
[PlyCount "75"]
[EventDate "1989.12.??"]
[EventType "swiss"]
[EventRounds "9"]
[EventCountry "ESP"]
[SourceTitle "TD"]
[Source "ChessBase"]
[SourceDate "1994.03.01"]
[SourceVersion "1"]
[SourceVersionDate "1994.03.01"]
[SourceQuality "1"]

1. d4 d6 2. c4 e5 3. Nf3 e4 4. Ng5 f5 5. Nh3 c6 6. Nc3 Nf6 7. Bg5 Na6 8. e3 Nc7 9. Nf4 Be7 10. Be2 0-0 11. Qb3 Ng4 12. Bxe7 Qxe7 13. h3 Nf6 14. h4 Ng4 15. Qc2 Ne6 16. Nxe6 Qxe6 17. Bxg4 fxg4 18. Nxe4 Qf5 19. Rc1 Qa5+ 20. Qc3 Qf5 21. Qc2 Qa5+ 22. Qd2 Qxa2 23. Nxd6 Be6 24. 0-0 Rad8 25. Ra1 Qb3 26. Ra3 Qb6 27. c5 Qc7 28. Rxa7 Qe7 29. g3 Rd7 30. e4 h6 31. Re1 b6 32. Rxd7 Bxd7 33. b4 Ra8 34. b5 bxc5 35. dxc5 Qe5 36. Nc4 Qxc5 37. Qxd7 Qxc4 38. Qxc6 1-0

[Event "Belgrade (Women)"]
[Site "Belgrade"]
[Date "1989.??.??"]
[Round "2"]
[White "Makropoulou, Marina"]
[Black "Polihroniade, Elisabeta"]
[Result "1/2-1/2"]
[WhiteElo "2255"]
[BlackElo "2220"]
[PlyCount "33"]
[EventDate "1989.??.??"]
[EventType "tourn"]
[EventRounds "9"]
[EventCountry "YUG"]
[EventCategory "1"]
[SourceTitle "EXT 1997"]
[Source "ChessBase"]
[SourceDate "1996.11.15"]
[SourceVersion "1"]
[SourceVersionDate "1996.11.15"]
[SourceQuality "1"]

1. f4 e5 2. fxe5 d6 3. exd6 Bxd6 4. Nf3 Nf6 5. d4 0-0 6. Bg5 Re8 7. Qd3 Nc6 8. a3 h6 9. Bxf6 Qxf6 10. e4 Bf5 11. Nc3 Qe7 12. 0-0-0 Bf4+ 13. Kb1 Bxe4 14. Nxe4 Qxe4 15. Qxe4 Rxe4 16. g3 Bd6 17. Bc4 1/2-1/2

[Event "Olympiad Women-28"]
[Site "Thessaloniki"]
[Date "1988.11.23"]
[Round "10"]
[White "De Greef, Heleen"]
[Black "Polihroniade, Elisabeta"]
[Result "0-1"]
[WhiteElo "2225"]
[BlackElo "2270"]
[PlyCount "74"]
[EventDate "1988.11.13"]
[EventType "team-swiss"]
[EventRounds "14"]
[EventCountry "GRE"]
[SourceTitle "EXT 2019"]
[Source "ChessBase"]
[SourceDate "2018.10.10"]
[SourceVersion "1"]
[SourceVersionDate "2018.10.10"]
[SourceQuality "1"]
[WhiteTeam "Netherlands (W)"]
[BlackTeam "Romania (W)"]
[WhiteTeamCountry "NED"]
[BlackTeamCountry "ROU"]

1. e4 d6 2. d4 g6 3. Nc3 Bg7 4. Nf3 Nf6 5. Bf4 0-0 6. Qd2 c6 7. 0-0-0 b5 8. Bd3 Qa5 9. Kb1 b4 10. Ne2 Be6 11. Nc1 Nbd7 12. Ng5 Qb6 13. Nf3 Bg4 14. Be3 d5 15. h3 dxe4 16. hxg4 exd3 17. Nxd3 Nxg4 18. Qxb4 Nxe3 19. fxe3 Qxb4 20. Nxb4 c5 21. Nd5 Rae8 22. Rdf1 e6 23. Nf4 e5 24. dxe5 Nxe5 25. Nxe5 Rxe5 26. Nd3 Rxe3 27. Nxc5 Re2 28. Re1 Rxg2 29. Re7 Rc8 30. Na4 Rcxc2 31. Rxa7 Bxb2 32. Nxb2 Rxb2+ 33. Ka1 h5 34. a4 Ra2+ 35. Kb1 Rgb2+ 36. Kc1 Rb4 37. Rh3 Rbxa4 0-1

[Event "Olympiad Women-28"]
[Site "Thessaloniki"]
[Date "1988.11.21"]
[Round "8"]
[White "Polihroniade, Elisabeta"]
[Black "McLure, Alison"]
[Result "1-0"]
[WhiteElo "2270"]
[BlackElo "2005"]
[PlyCount "59"]
[EventDate "1988.11.13"]
[EventType "team-swiss"]
[EventRounds "14"]
[EventCountry "GRE"]
[SourceTitle "EXT 2019"]
[Source "ChessBase"]
[SourceDate "2018.10.10"]
[SourceVersion "1"]
[SourceVersionDate "2018.10.10"]
[SourceQuality "1"]
[WhiteTeam "Romania (W)"]
[BlackTeam "Scotland (W)"]
[WhiteTeamCountry "ROU"]
[BlackTeamCountry "SCO"]

1. e4 e6 2. d3 d5 3. Nd2 Nf6 4. Ngf3 c5 5. g3 Nc6 6. Bg2 Be7 7. 0-0 0-0 8. Re1 b5 9. e5 Nd7 10. c3 Qb6 11. h4 f6 12. exf6 Nxf6 13. Nf1 Bd6 14. d4 Bd7 15. Ne5 Rae8 16. Bf4 Bb8 17. dxc5 Qxc5 18. Nd2 Nxe5 19. Nb3 Nf3+ 20. Qxf3 Qb6 21. Bxb8 Qxb8 22. Nc5 Qb6 23. Qe3 e5 24. Nxd7 Nxd7 25. Bxd5+ Kh8 26. Qxb6 Nxb6 27. Bc6 Re6 28. Bxb5 Ref6 29. Re2 Nd5 30. Rxe5 1-0

[Event "Olympiad Women-28"]
[Site "Thessaloniki"]
[Date "1988.11.15"]
[Round "3"]
[White "Frometa Castillo, Zirka"]
[Black "Polihroniade, Elisabeta"]
[Result "1-0"]
[WhiteElo "2205"]
[BlackElo "2270"]
[PlyCount "147"]
[EventDate "1988.11.13"]
[EventType "team-swiss"]
[EventRounds "14"]
[EventCountry "GRE"]
[SourceTitle "EXT 2019"]
[Source "ChessBase"]
[SourceDate "2018.10.10"]
[SourceVersion "1"]
[SourceVersionDate "2018.10.10"]
[SourceQuality "1"]
[WhiteTeam "Cuba (W)"]
[BlackTeam "Romania (W)"]
[WhiteTeamCountry "CUB"]
[BlackTeamCountry "ROU"]

1. d4 d6 2. e3 g6 3. f4 Bg7 4. Nf3 Nd7 5. Be2 Nh6 6. 0-0 0-0 7. e4 Qe8 8. Nc3 c6 9. e5 dxe5 10. fxe5 Nb6 11. a4 f6 12. a5 Nd5 13. Bc4 Be6 14. Qe2 Kh8 15. Ne4 Bg8 16. Bd2 Qc8 17. Bb3 Nf7 18. c4 Nc7 19. Bc3 fxe5 20. dxe5 Ne6 21. g3 Qc7 22. Nf2 Nfg5 23. Nxg5 Nxg5 24. Ne4 Nxe4 25. Qxe4 Be6 26. Ba2 Rxf1+ 27. Rxf1 Rf8 28. Rxf8+ Bxf8 29. Bb1 Bg7 30. Qh4 Qd7 31. Bxg6 Bg8 32. Bc2 Qe6 33. Qd4 Qxc4 34. Qxa7 Qe2 35. Qf2 Qh5 36. h4 Bd5 37. Qe3 Bf3 38. Qf2 Kg8 39. Qd2 Qf7 40. Qf4 Be2 41. Qf5 h6 42. Qxf7+ Kxf7 43. Bh7 Bb5 44. Bf5 e6 45. Be4 Bf8 46. Kf2 Bc5+ 47. Kf3 Bc4 48. g4 Be7 49. Kg3 Kg7 50. Bd2 Bc5 51. Bc3 Be3 52. Kf3 Bc5 53. b4 Be7 54. Be1 Kf7 55. Kf4 Be2 56. Bf3 Bc4 57. Ke3 Bf1 58. Kd4 Bb5 59. Kc3 Bf1 60. Bf2 Bb5 61. Be1 Bf1 62. Kd4 Kg7 63. h5 Bb5 64. Bd2 Bf1 65. Bd1 Bh3 66. Be2 Kh7 67. b5 cxb5 68. Bf3 b4 69. Bxb7 b3 70. Be4+ Kg7 71. a6 b2 72. a7 Bg2 73. a8Q b1Q 74. Bxh6+ 1-0

[Event "Hyeres op (Women) 12th"]
[Site "Hyeres "]
[Date "1988.??.??"]
[Round "?"]
[White "Gaprindashvili, Nona"]
[Black "Polihroniade, Elisabeta"]
[Result "1-0"]
[WhiteElo "2475"]
[BlackElo "2310"]
[PlyCount "83"]
[EventDate "1988.04.??"]
[EventType "swiss"]
[EventRounds "9"]
[EventCountry "FRA"]
[SourceTitle "EXT 2004"]
[Source "ChessBase"]
[SourceDate "2003.11.25"]
[SourceVersion "1"]
[SourceVersionDate "2003.11.25"]
[SourceQuality "1"]

1. d4 d6 2. c4 e5 3. Nf3 e4 4. Ng5 f5 5. Nc3 Be7 6. Nh3 Nh6 7. Nf4 c6 8. e3 0-0 9. h4 Na6 10. a3 Nc7 11. d5 Ng4 12. g3 Bf6 13. Bd2 c5 14. Be2 Ne5 15. Kf1 b6 16. Kg2 Qe7 17. Qc2 Bd7 18. b4 g6 19. Rab1 Rab8 20. bxc5 dxc5 21. Nb5 Nxb5 22. cxb5 Nf7 23. a4 Rfc8 24. Rbd1 Nd6 25. Qa2 Re8 26. Bc1 Kg7 27. Rd2 Rbd8 28. Rhd1 Bc3 29. Rc2 Be5 30. Qb3 h6 31. h5 Bxf4 32. exf4 g5 33. Qe3 g4 34. Bb2+ Kh7 35. Be5 Rf8 36. Ra2 Be8 37. a5 Nxb5 38. axb6 axb6 39. Qb3 Nd4 40. Qxb6 Rxd5 41. Ra7 Rd7 42. Rxd7 1-0

[Event "Athens (Women)"]
[Site "Athens"]
[Date "1988.??.??"]
[Round "?"]
[White "Polihroniade, Elisabeta"]
[Black "Kondou, Eva"]
[Result "1-0"]
[WhiteElo "2310"]
[BlackElo "2205"]
[PlyCount "40"]
[EventDate "1988.??.??"]
[EventType "tourn"]
[EventRounds "9"]
[EventCountry "GRE"]
[SourceTitle "EXT 2001"]
[Source "ChessBase"]
[SourceDate "2000.11.22"]
[SourceVersion "1"]
[SourceVersionDate "2000.11.22"]
[SourceQuality "1"]

1. e4 c5 2. Nf3 d6 3. d4 cxd4 4. Nxd4 Nf6 5. Nc3 g6 6. Bg5 Bg7 7. Bb5+ Bd7 8. Qe2 0-0 9. 0-0-0 Qa5 10. f4 Bxb5 11. Ndxb5 Nc6 12. e5 dxe5 13. fxe5 a6 14. exf6 exf6 15. Be3 axb5 16. Qxb5 Qxb5 17. Nxb5 Rxa2 18. Kb1 Ra5 19. Na3 f5 20. Rd7 Re5 1-0

[Event "Olympiad Women-27"]
[Site "Dubai"]
[Date "1986.11.21"]
[Round "6"]
[White "Polihroniade, Elisabeta"]
[Black "Maksimovic, Suzana"]
[Result "0-1"]
[WhiteElo "2115"]
[BlackElo "2175"]
[PlyCount "74"]
[EventDate "1986.11.15"]
[EventType "team-swiss"]
[EventRounds "14"]
[EventCountry "UAE"]
[SourceTitle "EXT 2019"]
[Source "ChessBase"]
[SourceDate "2018.10.10"]
[SourceVersion "1"]
[SourceVersionDate "2018.10.10"]
[SourceQuality "1"]
[WhiteTeam "Romania (W)"]
[BlackTeam "Yugoslavia (W)"]
[WhiteTeamCountry "ROU"]
[BlackTeamCountry "YUG"]

1. e4 e6 2. d4 c5 3. Nf3 cxd4 4. Nxd4 Nc6 5. Nc3 Qc7 6. f4 a6 7. Nxc6 Qxc6 8. Bd3 b5 9. Qf3 Bb7 10. 0-0 Nf6 11. a3 h5 12. Bd2 Ng4 13. b4 Be7 14. Qe2 g5 15. fxg5 Bd6 16. h3 Bh2+ 17. Kh1 Be5 18. Qe1 Qc7 19. Nd5 exd5 20. exd5 0-0-0 21. Rc1 Rde8 22. Qd1 Bc3 23. Bf4 Qb6 24. Qf3 Ne3 25. Rf2 Nxd5 26. Bh2 Qe3 27. Qxe3 Nxe3 28. Bf4 h4 29. Bxe3 Rxe3 30. Bf5 Rhe8 31. Rcf1 Re2 32. Bd3 Rxf2 33. Rxf2 Re1+ 34. Bf1 Bd5 35. Rf4 Bc4 36. Kg1 Rxf1+ 37. Rxf1 Bd4+ 0-1

[Event "Olympiad Women-27"]
[Site "Dubai"]
[Date "1986.11.18"]
[Round "4"]
[White "Polihroniade, Elisabeta"]
[Black "Alexandria, Nana"]
[Result "1/2-1/2"]
[WhiteElo "2115"]
[BlackElo "2290"]
[PlyCount "69"]
[EventDate "1986.11.15"]
[EventType "team-swiss"]
[EventRounds "14"]
[EventCountry "UAE"]
[SourceTitle "EXT 2019"]
[Source "ChessBase"]
[SourceDate "2018.10.10"]
[SourceVersion "1"]
[SourceVersionDate "2018.10.10"]
[SourceQuality "1"]
[WhiteTeam "Romania (W)"]
[BlackTeam "Soviet Union (W)"]
[WhiteTeamCountry "ROU"]
[BlackTeamCountry "URS"]

1. e4 c5 2. Nf3 e6 3. d4 cxd4 4. Nxd4 Nc6 5. Nc3 Qc7 6. f4 a6 7. Be2 b5 8. Nxc6 Qxc6 9. Bf3 Bb7 10. Be3 Rc8 11. Qd4 Qd6 12. 0-0-0 Qxd4 13. Rxd4 Nf6 14. e5 Bxf3 15. gxf3 b4 16. Ne4 Nd5 17. Bd2 f5 18. exf6 gxf6 19. f5 Kf7 20. Rg1 Be7 21. Bh6 Rhg8 22. Rxg8 Rxg8 23. Ng3 Bd6 24. Rg4 exf5 25. Rxg8 Kxg8 26. Kd2 Kf7 27. Kd3 f4 28. Ne4 Be5 29. Nc5 Bxb2 30. Nxa6 Be5 31. Ke4 Nc3+ 32. Kf5 Nd5 33. Ke4 Nc3+ 34. Kf5 Nd5 35. Ke4 1/2-1/2

[Event "Alfoldi Memorial (Women)"]
[Site "Budapest"]
[Date "1985.??.??"]
[Round "?"]
[White "Stadler, Tereza"]
[Black "Polihroniade, Elisabeta"]
[Result "1/2-1/2"]
[WhiteElo "2120"]
[BlackElo "2160"]
[PlyCount "41"]
[EventDate "1985.??.??"]
[EventType "tourn"]
[EventRounds "13"]
[EventCountry "HUN"]
[SourceTitle "EXT 1998"]
[Source "ChessBase"]
[SourceDate "1997.11.17"]
[SourceVersion "1"]
[SourceVersionDate "1997.11.17"]
[SourceQuality "1"]

1. Nf3 c5 2. b3 d6 3. Bb2 Nf6 4. d3 g6 5. e4 Bg7 6. Nbd2 0-0 7. Rb1 Nc6 8. g3 Bg4 9. h3 Bd7 10. Bg2 e5 11. 0-0 Nh5 12. Nc4 Qc7 13. Ne3 f5 14. Nd5 Qc8 15. Kh2 f4 16. gxf4 Nxf4 17. Nxf4 exf4 18. Bxg7 Kxg7 19. c3 Ne5 20. d4 Nxf3+ 21. Qxf3 1/2-1/2

[Event "Olympiad Women-26"]
[Site "Thessaloniki"]
[Date "1984.11.27"]
[Round "8"]
[White "Polihroniade, Elisabeta"]
[Black "Unni, Vasanti"]
[Result "1-0"]
[WhiteElo "2165"]
[BlackElo "1970"]
[PlyCount "56"]
[EventDate "1984.11.19"]
[EventType "team-swiss"]
[EventRounds "14"]
[EventCountry "GRE"]
[SourceTitle "EXT 2019"]
[Source "ChessBase"]
[SourceDate "2018.10.10"]
[SourceVersion "1"]
[SourceVersionDate "2018.10.10"]
[SourceQuality "1"]
[WhiteTeam "Romania (W)"]
[BlackTeam "India (W)"]
[WhiteTeamCountry "ROU"]
[BlackTeamCountry "IND"]

1. e4 e5 2. Nc3 Nf6 3. g3 d5 4. exd5 Nxd5 5. Bg2 Nxc3 6. bxc3 Nc6 7. d3 Bd6 8. Nf3 0-0 9. 0-0 Bg4 10. h3 Bh5 11. Rb1 Rb8 12. Qe1 Re8 13. Ng5 Bg6 14. Rxb7 Rxb7 15. Bxc6 Rb1 16. Bxe8 Qxe8 17. c4 Qc6 18. Qe2 h6 19. Nf3 e4 20. dxe4 Ra1 21. e5 Bc5 22. c3 Qd7 23. Nd4 Bxd4 24. cxd4 Qxd4 25. Bb2 Rxf1+ 26. Kxf1 Qd7 27. Kg2 Bd3 28. Qf3 Bxc4 1-0

[Event "Athens (Women)"]
[Site "Athens"]
[Date "1984.??.??"]
[Round "?"]
[White "Kasioura, Froso"]
[Black "Polihroniade, Elisabeta"]
[Result "0-1"]
[WhiteElo "1945"]
[BlackElo "2110"]
[PlyCount "82"]
[EventDate "1984.??.??"]
[EventType "swiss"]
[EventRounds "9"]
[EventCountry "GRE"]
[SourceTitle "EXT 2009"]
[Source "ChessBase"]
[SourceDate "2008.11.26"]
[SourceVersion "1"]
[SourceVersionDate "2008.11.26"]
[SourceQuality "1"]

1. c4 g6 2. Nf3 Bg7 3. d4 d6 4. e3 Nc6 5. Nc3 e5 6. d5 Nce7 7. Bd3 f5 8. e4 Nf6 9. Nd2 0-0 10. 0-0 Nh5 11. exf5 Nf4 12. f6 Bxf6 13. Nde4 Bg7 14. Bxf4 exf4 15. Ng5 Nf5 16. Ne6 Bxe6 17. dxe6 c6 18. Bxf5 Rxf5 19. Ne4 Be5 20. Qb3 Qe7 21. Rad1 b6 22. Rfe1 Rd8 23. c5 bxc5 24. Nxc5 d5 25. Qb7 Qxb7 26. Nxb7 Re8 27. Nc5 Bxb2 28. Rb1 Bc3 29. Rec1 d4 30. Ne4 Rxe6 31. Nxc3 dxc3 32. Rxc3 Rb5 33. Rd1 Rb2 34. Ra3 Re7 35. Ra4 Kg7 36. h4 c5 37. a3 Ra2 38. Rc1 Rc7 39. Rc3 c4 40. Kf1 Kf6 41. Kg1 Ke5 0-1

[Event "Olympiad Women-10"]
[Site "Luzern"]
[Date "1982.11.15"]
[Round "14"]
[White "Lanni, Diana"]
[Black "Polihroniade, Elisabeta"]
[Result "1/2-1/2"]
[WhiteElo "1915"]
[BlackElo "2160"]
[PlyCount "80"]
[EventDate "1982.10.30"]
[EventType "team-swiss"]
[EventRounds "14"]
[EventCountry "SUI"]
[SourceTitle "EXT 2019"]
[Source "ChessBase"]
[SourceDate "2018.10.10"]
[SourceVersion "1"]
[SourceVersionDate "2018.10.10"]
[SourceQuality "1"]
[WhiteTeam "United States (W)"]
[BlackTeam "Romania (W)"]
[WhiteTeamCountry "USA"]
[BlackTeamCountry "ROU"]

1. e4 g6 2. d4 Bg7 3. Nf3 d6 4. Nc3 Nf6 5. Be2 0-0 6. 0-0 Bg4 7. Be3 Nc6 8. Qd2 Re8 9. Rad1 e5 10. d5 Bxf3 11. Bxf3 Nd4 12. Be2 Qd7 13. f3 c5 14. a4 a6 15. a5 Qc7 16. Ra1 Nh5 17. Bc4 f5 18. exf5 gxf5 19. g4 Nf4 20. Bxf4 exf4 21. gxf5 Re3 22. Ne4 Nxf5 23. Qg2 Kh8 24. Qh3 Rxe4 25. fxe4 Bd4+ 26. Kh1 Ne3 27. Rxf4 Nxc4 28. Raf1 Qg7 29. Rf7 Qg6 30. Qe6 Rg8 31. Qxg6 Rxg6 32. c3 Be5 33. Rxb7 Nxa5 34. Ra7 Nc4 35. Rff7 Nd2 36. Rxh7+ Kg8 37. Rhb7 Bg7 38. Rb8+ Kh7 39. Rf7 Nxe4 40. Rf3 Ng5 1/2-1/2